| 000 | 00802nab a2200241 4500 | ||
|---|---|---|---|
| 003 | BR-BrBNA | ||
| 005 | 20250709105114.0 | ||
| 008 | 250709b bl.||||| |||| 00| 0 por d | ||
| 040 |
_aBR-BrBNA _bpor |
||
| 072 |
_aU10 ; F01 ; E10 ; E20 ; E70 _b0230 |
||
| 100 | _aTaguchi, Viviane | ||
| 245 |
_aPitágoras na cana _bAgrofinanças |
||
| 500 | _a2 illus. | ||
| 650 | _aCANA DE AÇÚCAR | ||
| 650 | _aMODELO MATEMÁTICO | ||
| 650 | _aPROGRAMAÇÃO LINEAR | ||
| 650 | _aTOMADA DE DECISÃO | ||
| 650 | _aPRODUTIVIDADE | ||
| 650 | _aRENTABILIDADE | ||
| 773 | 0 |
_01706 _9347906 _dSão Paulo-SP Editora Três Ltda - E-mail: luizfsa@revistadinheiro.com.br 2004 _o2025-0405 _tDinheiro Rural (Brazil) _x1807-3700 _gv. 6(68) p. 92-93; (Jun 2010) _wBR2025003748 |
|
| 942 | _cANA | ||
| 999 |
_c332463 _d332463 |
||